Vlastnosti zovšeobecnených S-boxov
Na minha lista:
| Autor principal: | |
|---|---|
| Outros Autores: | |
| Formato: | Manuscrito Livro |
| Idioma: | eslovaco |
| Publicado em: |
Bratislava :
STU v Bratislave FEI,
2002
|
| Assuntos: | |
| Tags: |
Sem tags, seja o primeiro a adicionar uma tag!
|
MARC
| LEADER | 00000ntm a22000003a 4500 | ||
|---|---|---|---|
| 001 | stu78753 | ||
| 005 | 20160719164750.8 | ||
| 008 | 030129s2002------------------------slo-d | ||
| 040 | |a STU |b slo | ||
| 041 | 0 | |a slo | |
| 100 | 1 | |a Cieniková, Zuzana |4 aut | |
| 245 | 1 | |a Vlastnosti zovšeobecnených S-boxov | |
| 260 | |a Bratislava : |b STU v Bratislave FEI, |c 2002 | ||
| 300 | |a 36 s | ||
| 650 | 7 | |a informatika |2 stusub | |
| 700 | 1 | |a Nemoga, Karol |4 ths | |
| 996 | |b EDIPL-7062 |c I*DIPL-7062 |l II680 |s A |a 24 |w stu78753_0001 | ||